| 000 | 00334nam a22001217a 4500 | ||
|---|---|---|---|
| 008 | 160420b xxu||||| |||| 00| 0 eng d | ||
| 020 | _a9780136035480 | ||
| 020 | _a0136035485 | ||
| 041 | _aeng | ||
| 080 | _a618.2 | ||
| 245 | 1 | 0 |
_aNursing basics for clinical practice: _cAudrey Berman; Shirlee Snyder; Debra S. McKinney; |
| 942 |
_2udc _cBK |
||
| 999 |
_c1458 _d1458 |
||